000 00403nam a2200133Ia 4500
008 151001s9999||||xx |||||||||||||| ||und||
100 _aम प्र महाजन
245 _aसहकारी घरबांधणी निर्माण
250 _a3
260 _bराजेंद्र प्रकाशन ठाणे
260 _c1992
300 _a763
365 _b21
999 _c969563
_d969560